Elementary statistics / (Record no. 1686)
[ view plain ]
| 000 -LEADER | |
|---|---|
| fixed length control field | 00874cam a2200325 a 4500 |
| 003 - CONTROL NUMBER IDENTIFIER | |
| control field | UkOxU |
| 005 - DATE AND TIME OF LATEST TRANSACTION | |
| control field | 20210629104513.0 |
| 008 - FIXED-LENGTH DATA ELEMENTS--GENERAL INFORMATION | |
| fixed length control field | 950818s1995 mau 000 0 eng|| |
| 020 ## - INTERNATIONAL STANDARD BOOK NUMBER | |
| International Standard Book Number | 0201576821 |
| 020 ## - INTERNATIONAL STANDARD BOOK NUMBER | |
| International Standard Book Number | 9780201576825 |
| 038 ## - RECORD CONTENT LICENSOR | |
| Record content licensor | UkLCURL |
| 040 ## - CATALOGING SOURCE | |
| Transcribing agency | DLC |
| 049 ## - LOCAL HOLDINGS (OCLC) | |
| Local processing data | l |
| 050 00 - LIBRARY OF CONGRESS CALL NUMBER | |
| Classification number | QA276.12 |
| Item number | .T76 1995 |
| 100 1# - MAIN ENTRY--PERSONAL NAME | |
| Personal name | Triola, Mario F. |
| 245 10 - TITLE STATEMENT | |
| Title | Elementary statistics / |
| Statement of responsibility, etc. | Mario F. Triola.. |
| 250 ## - EDITION STATEMENT | |
| Edition statement | 6th ed. |
| 260 ## - PUBLICATION, DISTRIBUTION, ETC. | |
| Place of publication, distribution, etc. | Reading, Mass. : |
| Name of publisher, distributor, etc. | Addison-Wesley, |
| Date of publication, distribution, etc. | 1995. |
| 300 ## - PHYSICAL DESCRIPTION | |
| Extent | xvi, 726, 62, 8 p. ; |
| Dimensions | 26 cm. |
| 504 ## - BIBLIOGRAPHY, ETC. NOTE | |
| Bibliography, etc. note | Includes bibliographical references and index. |
| 650 #0 - SUBJECT ADDED ENTRY--TOPICAL TERM | |
| Topical term or geographic name entry element | Statistics. |
| 942 ## - ADDED ENTRY ELEMENTS (KOHA) | |
| Source of classification or shelving scheme | |
| Koha item type | Book |
| Suppress in OPAC | SO |
| Withdrawn status | Lost status | Source of classification or shelving scheme | Damaged status | Not for loan | Permanent Location | Current Location | Shelving location | Date acquired | Total Checkouts | Full call number | Barcode | Date last seen | Price effective from | Koha item type | Public note |
|---|---|---|---|---|---|---|---|---|---|---|---|---|---|---|---|
| AU LIBRARY | AU LIBRARY | Open Shelf | 29.06.2021 | QA276.12 .T76 1995 | 28000447 | 29.06.2021 | 29.06.2021 | Book | SO |